| 000 | 00749cam a22002411 4500 | ||
|---|---|---|---|
| 999 |
_c431 _d431 |
||
| 001 | 286966 | ||
| 003 | OSt | ||
| 005 | 20180817113828.0 | ||
| 008 | 700928s1968 nyu 000 0 eng | ||
| 010 | _a 68019018 | ||
| 020 | _a0806504471 | ||
| 040 |
_aDLC _cDLC _dDLC |
||
| 050 | 0 | 0 |
_aBF639 _b.G5574 |
| 082 | 0 | 0 |
_a299/.93 _2299 _bG624B |
| 100 | 1 |
_aGoldsmith, Joel S., _d1892-1964. |
|
| 245 | 1 | 0 |
_aBeyond words and thoughts; _bfrom the metaphysical consciousness to the mystical _c[by] Joel S. Goldsmith. Edited by Lorraine Sinkler. |
| 260 |
_aNew York, _bJulian Press, _c1968. |
||
| 300 |
_ax, 180 p. _c22 cm. |
||
| 650 | 0 | _aNew Thought. | |
| 700 | 1 |
_aSinkler, Lorraine, _eed. |
|
| 906 |
_a7 _bcbc _corignew _du _encip _f19 _gy-gencatlg |
||
| 942 |
_2ddc _cBK |
||